000 00894cam a2200325 4500
001 ABS62150
008 000000n2000 000 0 eng u
035 _a(Sirsi) u105436
100 _aAntoniou, N.
245 _aBalancing the budget
260 _c2000
490 _aBuilding
_v265(8131) 7 April 2000, 68-69(2)
520 _aOverview of how the Budget will affect small and medium sized contractors and consultants.
590 _aABS
650 _aBUDGET 2000
650 _aCONTRACTORS
650 _aCAPITAL ALLOWANCES
650 _aLANDFILL TAX
650 _aSTAMP DUTY
650 _aCAPITAL GAINS TAX
650 _aSUBCONTRACTORS
650 _aCORPORATION TAX
650 _aINCOME TAX
650 0 _aPENSIONS
650 _aNATIONAL INSURANCE
650 _aVALUE ADDED TAX
650 _aINHERITANCE TAX
690 _aMANAGEMENT-BUSINESS MANAGEMENT
942 _n0
999 _c63173
_d63173